00334cam a2200145ua 450000100060000000800390000604000090004504100120005408200160006610000290008224500170011126000300012830000090015865300210016710230141111n2001 II |||gr||||Z||||||asm aMAIN aEnglish a954.162 HUS aHUSSAIN, TASUDUK AMANUL. aASOM BURANJI aDIBRUGARHbBANALATAc2001 a286. aHistory of Assam